01130 a2200169 45000010006000000050017000060080041000230030015000640400040000790800039001192450037001582640042001953000019002375050530002561000026007868560148008122608020260407155543.0260407a1976 arg spa dAR-UNSa-BCEJYS aAR-UNSa-BCEJYSbspacAR-UNSa-BCEJYS a657.6xAuditoria (control interno)10aAuditoría de estados contables 1aBuenos Aires :bClub de Estudioc1976 a294 p.c22 cm. a1. Auditoria - Introducción - 2. El control interno - 3. Planeación, programación y papeles de trabajo en auditoria - 4. Auditoria de disposiciones - 5. Auditoria de créditos - 6. Auditoría de bienes de cambio - 7. Auditoria de bienes de uso - 8. Auditoria de inversiones - 9. Auditoria de bienes intangibles - 10. Auditoria de pasivos - 11. Auditoria de patrimonio neto - 12. Auditoría del estado de resultados - 13. El dictamen del auditor y los estados contables - 14. Primeras auditorias- Auditoria operativa.1 aScaglione, Alberto A.41uhttps://biblioeco.unsa.edu.ar/pmb/images/libros/Auditor?a de estados contables Scaglione, Alberto A. (1976).jpgyImagen de portadaqimage/jpeg